[Event "TCh-TUR 2011"]
[Site "Konya TUR"]
[Date "2011.06.28"]
[Round "1"]
[White "Ustundag, Nefise Melis"]
[Black "Gundogan, Sinem Cagla"]
[Result "0-1"]
[WhiteElo "1695"]
[BlackElo "1433"]
[WhiteTeam "Deniz Genclik S.K."]
[BlackTeam "Turk Hava Yollari S.K."]
[WhiteFideId "6325637"]
[BlackFideId "6325378"]
[EventDate "2011.06.28"]

1. Nf3 Nf6 2. g3 g6 3. Bg2 Bg7 4. O-O O-O 5. d3 c5 6. c3 d6 7. Nbd2 Nc6 8. e4 e5
9. a3 b5 10. b4 Re8 11. Bb2 Bb7 12. Qb3 a6 13. Rfd1 Qe7 14. a4 cxb4 15. cxb4 d5
16. axb5 axb5 17. Ba3 d4 18. Rdc1 Qd7 19. Rc5 Bf8 20. Rc2 Nxb4 21. Rb2 Nc6 22.
Qxb5 Rxa3 23. Rxa3 Bxa3 24. Qxb7 Bxb2 25. Qxb2 Rb8 26. Qa2 Qb7 27. Bf1 Kg7 28.
Nc4 Nd7 29. Qd2 Qb4 30. Qc2 Qc3 31. Qa4 Rc8 32. Qb5 Qb4 33. Qa6 Qb8 34. Bh3 Nb4
35. Qa4 Rc7 36. Bxd7 Nxd3 37. Ncxe5 Rc1+ 38. Kg2 Nxe5 39. Qxd4 f6 40. Nxe5 fxe5
41. Qd5 Qc7 42. Qe6 Kh6 43. g4 Qc5 44. Qf6 Rc3 45. h4 Rd3 46. Qf7 Rxd7 47. g5+
Kh5 48. Qf3+ Kxh4 49. Qg3+ Kh5 50. Kh3 Rd3 51. Qxd3 Qxf2 52. Qd1+ Kxg5 53. Qd8+
Kh6 54. Qh4+ Qxh4+ 55. Kxh4 g5+ 56. Kg4 Kg6 0-1

[Event "TCh-TUR 2011"]
[Site "Konya TUR"]
[Date "2011.06.28"]
[Round "1"]
[White "Emiroglu, Cankut"]
[Black "Ozen, Bahadir"]
[Result "1-0"]
[WhiteElo "2216"]
[BlackElo "1751"]
[WhiteTeam "Besiktas Jimnastik Kulubu"]
[BlackTeam "Isek Aquamatch S.K."]
[WhiteFideId "6306659"]
[BlackFideId "6337058"]
[EventDate "2011.06.28"]

1. e4 e5 2. Nf3 Nc6 3. Bb5 a6 4. Ba4 Nf6 5. O-O Be7 6. Re1 b5 7. Bb3 d6 8. c3
O-O 9. h3 Na5 10. Bc2 c5 11. d4 Qc7 12. Nbd2 cxd4 13. cxd4 Nc6 14. Nb3 a5 15.
Be3 a4 16. Nbd2 Bd7 17. Rc1 Qb7 18. Qe2 Rfe8 19. a3 Bf8 20. Bd3 Rab8 21. d5 Ne7
22. Rc2 Nexd5 23. exd5 e4 24. Nxe4 Nxe4 25. Bxe4 Rxe4 26. Ng5 Re7 27. Qd3 g6 28.
g4 Re5 29. Ne4 Be7 30. Nc3 Bh4 31. Rce2 Rbe8 32. Bf4 Rxe2 33. Rxe2 b4 34. Rxe8+
Bxe8 35. axb4 Qxb4 36. Qe4 Qxe4 37. Nxe4 f5 38. gxf5 gxf5 39. Nxd6 Bd7 40. Nc4
Bf6 41. Be5 Bd8 42. Kg2 Kf7 43. Kg3 Kg6 44. f4 Bb5 45. Nd6 Ba6 46. Bd4 Be7 47.
Ne8 Kf7 48. Nc7 Bc4 49. Be5 Bc5 50. d6 Be2 51. d7 Ke7 52. d8=Q+ 1-0

[Event "TCh-TUR 2011"]
[Site "Konya TUR"]
[Date "2011.06.28"]
[Round "1"]
[White "Solak, Dragan"]
[Black "Kasimdzhanov, Rustam"]
[Result "1/2-1/2"]
[WhiteTitle "GM"]
[BlackTitle "GM"]
[WhiteElo "2588"]
[BlackElo "2685"]
[WhiteTeam "Besiktas Jimnastik Kulubu"]
[BlackTeam "Isek Aquamatch S.K."]
[WhiteFideId "916811"]
[BlackFideId "14200244"]
[EventDate "2011.06.28"]

1. e4 c6 2. Nc3 d5 3. Nf3 Bg4 4. h3 Bh5 5. Ng1 Bg4 6. Nf3 Bh5 7. d4 e6 8. Bd3
Nd7 9. O-O dxe4 10. Nxe4 Ngf6 11. Ng3 Bg6 12. Re1 Be7 13. c3 O-O 14. Bg5 c5 15.
Bxg6 hxg6 16. Qe2 cxd4 17. Nxd4 Qa5 18. h4 a6 19. a3 Rfe8 20. Rad1 Rac8 21. Ne4
Qb6 22. Bxf6 Nxf6 23. Nxf6+ Bxf6 1/2-1/2

[Event "TCh-TUR 2011"]
[Site "Konya TUR"]
[Date "2011.06.28"]
[Round "1"]
[White "Yigit, Aleyna"]
[Black "Birgelir, Melisa"]
[Result "1-0"]
[WhiteElo "1732"]
[BlackElo "1735"]
[WhiteTeam "Isek Aquamatch S.K."]
[BlackTeam "Besiktas Jimnastik Kulubu"]
[WhiteFideId "6300235"]
[BlackFideId "6300308"]
[EventDate "2011.06.28"]

1. e4 e6 2. d4 d5 3. Nd2 dxe4 4. Nxe4 Bd7 5. Nf3 Bc8 6. Ng1 Bd7 7. Nf3 Bc6 8.
Bd3 Nd7 9. O-O Be7 10. c4 Ngf6 11. Qc2 Nxe4 12. Bxe4 Bxe4 13. Qxe4 c6 14. Rd1
O-O 15. Bd2 Bf6 16. Bc3 Re8 17. Ne5 Qc7 18. Rd3 Nxe5 19. dxe5 Be7 20. Rh3 g6 21.
Qe3 Bf8 22. f4 b6 23. Kh1 Bg7 24. Re1 Qe7 25. g4 Qf8 26. Rg1 h6 27. f5 g5 28. f6
Bh8 29. Qe4 Rac8 30. Bd2 1-0

[Event "TCh-TUR 2011"]
[Site "Konya TUR"]
[Date "2011.06.28"]
[Round "1"]
[White "Citak, Selim"]
[Black "Atalik, Suat"]
[Result "0-1"]
[WhiteTitle "FM"]
[BlackTitle "GM"]
[WhiteElo "2356"]
[BlackElo "2616"]
[WhiteTeam "Besiktas Jimnastik Kulubu"]
[BlackTeam "Isek Aquamatch S.K."]
[WhiteFideId "6301819"]
[BlackFideId "14401487"]
[EventDate "2011.06.28"]

1. d4 d5 2. c4 c6 3. Nf3 Nf6 4. Nc3 dxc4 5. a4 e6 6. e3 c5 7. Bxc4 Nc6 8. O-O
cxd4 9. exd4 Be7 10. d5 exd5 11. Nxd5 Nxd5 12. Qxd5 Qxd5 13. Bxd5 O-O 14. Bg5
Bxg5 15. Nxg5 Bf5 16. Rac1 Rac8 17. Rfd1 h6 18. Ne4 Nb4 19. Rxc8 Bxc8 20. Bb3 b6
21. f3 Bf5 22. Nd6 Bg6 23. f4 Rd8 24. f5 Bh5 25. Rd2 Kf8 26. h3 Ke7 27. f6+ Kxf6
28. g4 Bg6 29. Rf2+ Ke7 30. Nxf7 Rd3 31. Re2+ Kf8 32. Ne5 Rxb3 33. Nxg6+ Kf7 34.
Ne5+ Kf6 35. Kg2 Nd3 36. Nxd3 Rxd3 37. Rc2 Rb3 38. a5 bxa5 39. Rc6+ Ke5 40. Rc5+
Kd4 41. Rxa5 Rxb2+ 42. Kg3 Rb7 43. g5 hxg5 44. Kg4 Kc4 45. Ra1 Kb5 46. Rb1+ Kc6
47. Rc1+ Kb6 48. Rb1+ Kc7 49. Ra1 Kb8 50. Kxg5 Rb3 51. Kg6 Rg3+ 52. Kf7 Rxh3 53.
Kxg7 Rh5 54. Kf6 a5 55. Ke6 Kc7 56. Rc1+ Kb6 57. Rb1+ Kc5 58. Rc1+ Kb4 59. Rb1+
Kc3 60. Ra1 Kb2 61. Rg1 a4 62. Rg2+ Kb3 63. Rg3+ Kb4 64. Rg4+ Kb5 65. Rg3 Kc5
66. Rf3 Rh6+ 0-1

[Event "TCh-TUR 2011"]
[Site "Konya TUR"]
[Date "2011.06.28"]
[Round "1"]
[White "Erturan, Yakup"]
[Black "Karakehajov, Kalin"]
[Result "1-0"]
[WhiteTitle "IM"]
[BlackTitle "IM"]
[WhiteElo "2346"]
[BlackElo "2493"]
[WhiteTeam "Manisa Doruk Koleji S.K."]
[BlackTeam "Bursa Tophane Meslek Lisesi S.K."]
[WhiteFideId "6301410"]
[BlackFideId "2906430"]

1. d4 d5 2. c4 e6 3. Nc3 c6 4. Nf3 dxc4 5. g3 b5 6. Bg2 Bb7 7. O-O Nd7 8. a4 a6
9. e4 Ngf6 10. d5 cxd5 11. axb5 Nxe4 12. Nxe4 dxe4 13. Nd4 e5 14. Nc6 Qc7 15.
Bxe4 Nc5 16. Bd5 axb5 17. Rxa8+ Bxa8 18. Nxe5 Bxd5 19. Qxd5 Qb7 20. Nc6 Ne6 21.
Re1 Be7 22. Nxe7 Qxe7 23. Bg5 Qc7 24. Qa8+ Kd7 25. Rd1+ 1-0

[Event "TCh-TUR 2011"]
[Site "Konya TUR"]
[Date "2011.06.28"]
[Round "1"]
[White "Patel, Yesim"]
[Black "Sanal, Suna"]
[Result "1-0"]
[WhiteElo "1804"]
[BlackElo "1685"]
[WhiteTeam "Manisa Doruk Koleji S.K."]
[BlackTeam "Bursa Tophane Meslek Lisesi S.K."]
[WhiteFideId "6300200"]
[BlackFideId "6315380"]
[EventDate "2011.06.28"]

1. e4 c5 2. Nf3 e6 3. d4 cxd4 4. Nxd4 a6 5. c4 d6 6. Nc3 Nf6 7. Be2 Nbd7 8. O-O
Qc7 9. Be3 b6 10. Qd2 Bb7 11. f3 Be7 12. Rfc1 O-O 13. a3 Rfd8 14. b4 Rac8 15.
Rab1 Qb8 16. Qa2 Qa8 17. Na4 Re8 18. Kh1 Bd8 19. Qd2 Bc7 20. Rc2 d5 21. exd5
exd5 22. c5 b5 23. c6 bxa4 24. cxb7 Qxb7 25. Rc6 Nb6 26. b5 a5 27. Nf5 Nc4 28.
Bxc4 dxc4 29. Rxc4 Rcd8 30. Bd4 Be5 31. Qg5 Ne4 32. fxe4 Qxe4 33. Rbc1 Bxd4 34.
h3 Qe5 35. Rxd4 Rxd4 36. Ne7+ 1-0

[Event "TCh-TUR 2011"]
[Site "Konya TUR"]
[Date "2011.06.28"]
[Round "1"]
[White "Sirin, Atakan"]
[Black "Korkmaz, Necmettin"]
[Result "1-0"]
[WhiteElo "2230"]
[BlackElo "2189"]
[WhiteTeam "Manisa Doruk Koleji S.K."]
[BlackTeam "Bursa Tophane Meslek Lisesi S.K."]
[WhiteFideId "6303307"]
[BlackFideId "6303285"]
[EventDate "2011.06.28"]

1. d4 d5 2. Nf3 Nf6 3. g3 g6 4. Bg2 Bg7 5. O-O c6 6. Nbd2 O-O 7. b3 Bf5 8. Bb2
Na6 9. c4 Nc7 10. Re1 Ne4 11. Nh4 Nxd2 12. Qxd2 Be6 13. cxd5 Nxd5 14. e4 Nc7 15.
h3 Qd7 16. Kh2 Rfd8 17. Red1 f6 18. Rac1 Bf7 19. Qb4 b6 20. Qc3 c5 21. dxc5 Qxd1
22. Rxd1 Rxd1 23. cxb6 axb6 24. Qxc7 Rxa2 25. Qc8+ Bf8 26. Qc2 Rd8 27. Bf1 Kg7
28. Bxf6+ exf6 29. Qxa2 Bb4 30. Nf3 Bc5 31. Bc4 Be8 32. Qe2 Bc6 33. Bd5 Be8 34.
Qb2 Be7 35. Nd4 Rd6 36. Qc3 Kh6 37. Qc1+ Kg7 38. Ne6+ 1-0

[Event "TCh-TUR 2011"]
[Site "Konya TUR"]
[Date "2011.06.28"]
[Round "1"]
[White "Gurcan, Selim"]
[Black "Secer, Ata"]
[Result "0-1"]
[WhiteTitle "FM"]
[BlackTitle "FM"]
[WhiteElo "2240"]
[BlackElo "2329"]
[WhiteTeam "Bursa Tophane Meslek Lisesi S.K."]
[BlackTeam "Manisa Doruk Koleji S.K."]
[WhiteFideId "6300383"]
[BlackFideId "6303293"]
[EventDate "2011.06.28"]

1. e4 e5 2. Nf3 Nc6 3. Bb5 a6 4. Ba4 Nf6 5. O-O Be7 6. Re1 b5 7. Bb3 d6 8. c3
O-O 9. h3 h6 10. d4 Re8 11. Nbd2 Bf8 12. Bc2 Bd7 13. b3 a5 14. a4 b4 15. Bb2
bxc3 16. Bxc3 exd4 17. Nxd4 Nb4 18. Bb1 c5 19. Nb5 Rb8 20. Nc4 Bxb5 21. axb5
Rxb5 22. Qf3 Nc6 23. Rd1 Rxb3 24. Bxf6 Qxf6 25. Qxb3 Qxa1 26. e5 Nd4 27. Qd3 g6
28. Nxd6 Bxd6 29. exd6 Qa4 30. Kh1 Qc6 31. Qd2 Qxd6 32. Qxa5 Kg7 33. Bd3 Re5 34.
Bc4 Rf5 35. Qd2 Qf6 36. Rf1 Qh4 37. Qe3 Qf6 38. Bd3 Re5 39. Qc1 Ne6 40. Qc4 Nf4
41. Be4 Qe6 42. Qc3 Kh7 43. Bc2 Qd5 44. f3 Ne2 45. Qe1 Qc4 0-1

[Event "TCh-TUR 2011"]
[Site "Konya TUR"]
[Date "2011.06.28"]
[Round "1"]
[White "Donmez, Batuhan"]
[Black "Ciloglu, Dogu"]
[Result "1-0"]
[WhiteElo "1849"]
[BlackElo "1770"]
[WhiteTeam "Bursa Tophane Meslek Lisesi S.K."]
[BlackTeam "Manisa Doruk Koleji S.K."]
[WhiteFideId "6326277"]
[BlackFideId "6309607"]
[EventDate "2011.06.28"]

1. d4 d5 2. c4 e6 3. Nc3 Nf6 4. Bg5 Nbd7 5. Nf3 Be7 6. e3 O-O 7. Bd3 dxc4 8.
Bxc4 b6 9. O-O Bb7 10. Qe2 c5 11. Rfd1 Ne4 12. Bxe7 Qxe7 13. Rac1 Rfd8 14. Bd3
Ndf6 15. Nxe4 Nxe4 16. Ba6 cxd4 17. Bxb7 Qxb7 18. Rxd4 Rac8 19. Rxd8+ Rxd8 20.
h3 h6 21. Nd4 Rc8 22. Rc2 Qd7 23. Qb5 Rc7 24. Qxd7 Rxd7 25. Kf1 Kf8 26. Ke2 Ke7
27. f4 Nf6 28. Nc6+ Kd6 29. Ne5 Rb7 30. a3 Ne4 31. b4 f6 32. Kd3 fxe5 33. Kxe4
exf4 34. exf4 Ke7 35. Ke5 Rd7 36. Rc3 Rd5+ 37. Ke4 Kd6 38. Rg3 g5 39. fxg5 hxg5
40. Rc3 Rd2 41. Rd3+ Rxd3 42. Kxd3 Ke5 43. g3 Kf5 44. a4 a6 45. Ke3 Kf6 46. Ke4
a5 47. b5 g4 48. hxg4 Kg5 49. Ke5 1-0

[Event "TCh-TUR 2011"]
[Site "Konya TUR"]
[Date "2011.06.28"]
[Round "1"]
[White "Odeev, Handszar"]
[Black "Sanikidze, Tornike"]
[Result "1/2-1/2"]
[WhiteTitle "GM"]
[BlackTitle "GM"]
[WhiteElo "2405"]
[BlackElo "2524"]
[WhiteTeam "Celikkol Turizm Pamukkale Universitesi S.K."]
[BlackTeam "Yesilkoy Spor Kulubu"]
[WhiteFideId "14000091"]
[BlackFideId "13602608"]
[EventDate "2011.06.28"]

1. e4 e5 2. Nf3 Nc6 3. Bc4 Nf6 4. d3 Be7 5. O-O O-O 6. Bb3 d6 7. c3 h6 8. h3 Nh7
9. d4 Ng5 10. Nxg5 Bxg5 11. f4 exf4 12. Bxf4 Bxf4 13. Rxf4 Qg5 14. Rf3 Na5 15.
Nd2 Nxb3 16. axb3 f5 17. Qe2 Be6 18. Raf1 fxe4 19. Nxe4 Qd5 20. Rxf8+ Rxf8 21.
Rxf8+ Kxf8 22. b4 Ke7 23. Nf2 Kd7 24. Kh2 Qg5 25. Nd1 Qf4+ 26. Kg1 Bd5 27. Ne3
Be4 28. Qb5+ Kd8 29. Qe2 g5 30. g3 h5 31. Qf2 Qxf2+ 1/2-1/2

[Event "TCh-TUR 2011"]
[Site "Konya TUR"]
[Date "2011.06.28"]
[Round "1"]
[White "Dogan, Ali Ekber"]
[Black "Reyhan, Dogan Heval"]
[Result "1/2-1/2"]
[BlackTitle "FM"]
[WhiteElo "2130"]
[BlackElo "2343"]
[WhiteTeam "Yesilkoy Spor Kulubu"]
[BlackTeam "Celikkol Turizm Pamukkale Universitesi S.K."]
[WhiteFideId "6304540"]
[BlackFideId "6301290"]
[EventDate "2011.06.28"]

1. d4 Nf6 2. c4 c5 3. d5 e6 4. g3 exd5 5. cxd5 d6 6. Nf3 g6 7. Nc3 Bg7 8. Bg2
O-O 9. O-O Re8 10. Nd2 a6 11. a4 Nbd7 12. h3 Rb8 13. Rb1 b5 14. axb5 axb5 15. b4
c4 16. Bb2 Qb6 17. Nf3 Ne4 18. Nxe4 Rxe4 19. Bxg7 Kxg7 20. Ng5 Re8 21. Ne4 Nf6
22. Nxf6 Kxf6 23. e4 Kg7 24. Qd2 f5 25. Qc3+ Kf7 26. Rfe1 Ra8 27. Rb2 fxe4 28.
Rbe2 Kg8 29. Rxe4 Rxe4 30. Rxe4 Qd8 31. g4 Bd7 32. Re6 Bxe6 33. dxe6 Ra7 34. e7
Rxe7 35. Bd5+ Rf7 36. Qf3 Qe7 37. Qf4 Kg7 38. Bxf7 Qxf7 39. Qxd6 c3 40. Qc5 Qc4
41. Qe7+ 1/2-1/2

[Event "TCh-TUR 2011"]
[Site "Konya TUR"]
[Date "2011.06.28"]
[Round "1"]
[White "Ergene, Mertcan"]
[Black "Komut, Kaan"]
[Result "0-1"]
[WhiteElo "1731"]
[BlackElo "1917"]
[WhiteTeam "Yesilkoy Spor Kulubu"]
[BlackTeam "Celikkol Turizm Pamukkale Universitesi S.K."]
[WhiteFideId "6342345"]
[BlackFideId "6309992"]
[EventDate "2011.06.28"]

1. d4 d5 2. c4 e6 3. cxd5 exd5 4. Nf3 Nf6 5. Bg5 Be7 6. Nc3 c6 7. e3 Nbd7 8. Bd3
O-O 9. O-O Re8 10. Qc2 h6 11. Bf4 Nf8 12. Rab1 Bd6 13. Bxd6 Qxd6 14. b4 a6 15.
Na4 Bg4 16. Ne5 N8d7 17. f4 Nf8 18. h3 Bc8 19. Nb6 Rb8 20. Nxc8 Rbxc8 21. Rfc1
Ra8 22. Qe2 N6d7 23. Qh5 Re7 24. Kf2 Nf6 25. Qf3 Rae8 26. Re1 N6d7 27. a4 f6 28.
Nxd7 Nxd7 29. b5 axb5 30. axb5 c5 31. Bg6 Rd8 32. Rbd1 c4 33. e4 Nf8 34. Bf5
dxe4 35. Bxe4 Kh8 36. Kg1 b6 37. Kh1 Rde8 38. f5 Nh7 39. h4 Qb4 40. Rb1 Qd6 41.
Rbd1 Nf8 42. Re2 Nd7 43. Re3 Nf8 44. g4 c3 45. Qg2 Qf4 46. Rde1 c2 47. Qxc2 Qxg4
48. Qg2 Qxh4+ 49. Qh2 Rxe4 50. Qxh4 Rxh4+ 51. Kg2 Rxe3 52. Rxe3 Rxd4 53. Re8 Kg8
54. Rb8 Rd5 55. Rxb6 Rxf5 56. Rb8 Kf7 57. b6 Rb5 58. b7 Nd7 0-1

[Event "TCh-TUR 2011"]
[Site "Konya TUR"]
[Date "2011.06.28"]
[Round "1"]
[White "Morgul, Elcin"]
[Black "Alev, Gonulden Seda"]
[Result "1/2-1/2"]
[WhiteElo "1723"]
[BlackElo "1605"]
[WhiteTeam "Celikkol Turizm Pamukkale Universitesi S.K."]
[BlackTeam "Yesilkoy Spor Kulubu"]
[WhiteFideId "6300251"]
[BlackFideId "6301428"]
[EventDate "2011.06.28"]

1. e4 c5 2. Nf3 a6 3. d4 cxd4 4. Nxd4 Nf6 5. Nc3 d6 6. Be2 e6 7. Be3 Be7 8. O-O
b5 9. a4 bxa4 10. Rxa4 Bb7 11. f3 Nbd7 12. Ra2 O-O 13. Kh1 Qc7 14. Qd2 Ne5 15.
Ra4 Nfd7 16. f4 Nc6 17. f5 Nc5 18. Ra3 Nxd4 19. Qxd4 Bf6 20. Qc4 Qe7 21. Bxc5
dxc5 22. fxe6 Qxe6 23. Qxe6 fxe6 24. Bc4 Rfe8 25. Re1 Be5 26. Na4 Rac8 27. Rb3
Rc7 28. Rb6 Bc8 29. Bxa6 Bxa6 30. Rxa6 c4 31. Ra5 Bd4 32. Rd1 Rf7 33. g3 Be3 34.
Rb5 Rf2 35. c3 Re2 36. Rf1 Rd8 37. Nc5 Bxc5 38. Rxc5 g6 39. Rc1 Rdd2 40. Rxc4
Rxh2+ 41. Kg1 Rhg2+ 42. Kf1 Rgf2+ 43. Kg1 Rg2+ 44. Kh1 Rge2 45. Kg1 Rg2+ 46. Kf1
Rgf2+ 47. Kg1 Rg2+ 1/2-1/2

[Event "TCh-TUR 2011"]
[Site "Konya TUR"]
[Date "2011.06.28"]
[Round "1"]
[White "Tandogan, Buket"]
[Black "Bal, Sevgican"]
[Result "0-1"]
[WhiteElo "1548"]
[BlackElo "1610"]
[WhiteTeam "Yesilkoy Spor Kulubu"]
[BlackTeam "Celikkol Turizm Pamukkale Universitesi S.K."]
[WhiteFideId "6321070"]
[BlackFideId "6324894"]
[EventDate "2011.06.28"]

1. d4 f5 2. c4 Nf6 3. Nc3 g6 4. Nf3 Bg7 5. e3 O-O 6. Be2 d6 7. d5 Qe8 8. Nb5 Na6
9. Nbd4 Nc5 10. Nb5 Qd8 11. Nbd4 a5 12. Bd2 Nce4 13. Bc3 Ng4 14. O-O g5 15. Bd3
Nxc3 16. bxc3 h6 17. Qc2 f4 18. h3 Ne5 19. Nxe5 Bxe5 20. exf4 Bxf4 21. Be2 Qe8
22. Nb5 Qd8 23. Qg6+ Kh8 24. Qxh6+ Kg8 25. Qg6+ Kh8 26. Bd3 0-1

[Event "TCh-TUR 2011"]
[Site "Konya TUR"]
[Date "2011.06.28"]
[Round "1"]
[White "Soysal, Serkan"]
[Black "Deviren, Erdi"]
[Result "1/2-1/2"]
[WhiteElo "1795"]
[BlackElo "1927"]
[WhiteTeam "Celikkol Turizm Pamukkale Universitesi S.K."]
[BlackTeam "Yesilkoy Spor Kulubu"]
[WhiteFideId "6349250"]
[BlackFideId "6319831"]
[EventDate "2011.06.28"]

1. e4 d6 2. d4 Nf6 3. Nc3 g6 4. Bg5 Bg7 5. Nf3 h6 6. Bf4 Nc6 7. h3 Nd7 8. Qd2
Nxd4 9. Nxd4 Bxd4 10. Qxd4 e5 11. Qd2 exf4 12. Qxf4 Qg5 13. Qxg5 hxg5 14. Nd5
Kd8 15. O-O-O Ne5 16. Be2 Be6 17. g3 Bxd5 18. Rxd5 Ke7 19. Rdd1 f6 20. Kd2 Rh7
21. Rh2 Rah8 22. Rdh1 g4 23. h4 Rh5 24. Ke3 f5 25. exf5 Rxf5 26. Rd1 c5 27. Rhh1
Rhf8 28. Rhf1 Ke6 29. c4 Nf3 30. Bxf3 Rxf3+ 31. Ke2 R8f5 32. Rd3 Re5+ 33. Kd2
Rxd3+ 34. Kxd3 d5 35. cxd5+ Kxd5 36. f3 c4+ 37. Kd2 Rf5 38. f4 Kc5 39. Kc3 b5
40. b4+ Kd6 41. a4 a6 42. axb5 axb5 43. Ra1 Rd5 44. Ra6+ Ke7 45. Rxg6 Rd3+ 46.
Kc2 Rxg3 47. Rg5 Rg2+ 48. Kc3 g3 49. Rxb5 Rf2 50. Rg5 Rxf4 51. Rxg3 Rxh4 52. Kc2
Rf4 53. Kc3 Rh4 54. Rg6 Rh5 55. Rc6 1/2-1/2

[Event "TCh-TUR 2011"]
[Site "Konya TUR"]
[Date "2011.06.28"]
[Round "1"]
[White "Haznedaroglu, Kivanc"]
[Black "Erdogan, Hakan"]
[Result "1-0"]
[WhiteTitle "GM"]
[BlackTitle "FM"]
[WhiteElo "2444"]
[BlackElo "2235"]
[WhiteTeam "Adana Truva Satranc S.K."]
[BlackTeam "Istanbul Teknik Universitesi S.K."]
[WhiteFideId "6300634"]
[BlackFideId "6300359"]
[EventDate "2011.06.28"]

1. e4 c5 2. Nf3 d6 3. d4 cxd4 4. Nxd4 Nf6 5. Nc3 g6 6. Be3 Bg7 7. f3 Nc6 8. Qd2
O-O 9. O-O-O d5 10. Kb1 Nxd4 11. e5 Nf5 12. exf6 exf6 13. Bc5 d4 14. Bxf8 Bxf8
15. g4 Qb6 16. Nd5 Qc6 17. gxf5 Qxd5 18. fxg6 hxg6 19. Qxd4 Qxf3 20. Bc4 Qg4 21.
Qc3 Bf5 22. Bb3 Bg7 23. Qc7 Rf8 24. Rhg1 Qe2 25. Rge1 Qh5 26. Rd8 g5 27. Rxf8+
Bxf8 28. a3 Bg6 29. Re8 Qd1+ 30. Ka2 Kg7 31. Rd8 Qe2 32. Qc8 Qe7 33. Rd7 Qc5 34.
Qe8 Kh6 35. Bxf7 Bxc2 36. Rc7 Ba4 37. Qe4 f5 38. Qe6+ 1-0

[Event "TCh-TUR 2011"]
[Site "Konya TUR"]
[Date "2011.06.28"]
[Round "1"]
[White "Yilmaz, Mustafa"]
[Black "Vovk, Andrey"]
[Result "1/2-1/2"]
[WhiteTitle "IM"]
[BlackTitle "GM"]
[WhiteElo "2489"]
[BlackElo "2545"]
[WhiteTeam "Istanbul Teknik Universitesi S.K."]
[BlackTeam "Adana Truva Satranc S.K."]
[WhiteFideId "6302718"]
[BlackFideId "14114470"]
[EventDate "2011.06.28"]

1. d4 Nf6 2. c4 g6 3. Nc3 Bg7 4. e4 d6 5. Nf3 O-O 6. h3 e5 7. d5 a5 8. Bg5 Na6
9. Nd2 Qe8 10. Be2 Nd7 11. a3 Nb6 12. b3 f6 13. Be3 f5 14. O-O Qe7 15. Rb1 Nd7
16. f3 Bf6 17. Qc2 Bg5 18. Bxg5 Qxg5 19. Rf2 Nf6 20. f4 exf4 21. Rbf1 Nxe4 22.
h4 Qh6 23. Ncxe4 fxe4 24. Qxe4 Nc5 25. Qd4 Qxh4 26. Rxf4 Rxf4 27. Rxf4 Qe1+ 28.
Bf1 Bf5 29. Rf2 Re8 30. b4 axb4 31. axb4 Nd7 32. g4 Bc2 33. Nf3 Qd1 34. Qxd1
Bxd1 35. Nd4 Bxg4 36. Nb5 Rc8 37. Ra2 Nb6 38. Ra7 Bd7 39. Nxd6 cxd6 40. Rxb7
Nxc4 41. Rxd7 Ne3 42. Bh3 Rb8 43. Rxd6 Kg7 44. Kf2 Rxb4 45. Rd7+ Kf6 46. Be6
Ng4+ 47. Bxg4 Rxg4 48. Rxh7 Rd4 1/2-1/2

[Event "TCh-TUR 2011"]
[Site "Konya TUR"]
[Date "2011.06.28"]
[Round "1"]
[White "Yuksel, Atilla Koksal"]
[Black "Sanal, Vahap"]
[Result "1/2-1/2"]
[WhiteTitle "CM"]
[BlackTitle "CM"]
[WhiteElo "2035"]
[BlackElo "2210"]
[WhiteTeam "Adana Truva Satranc S.K."]
[BlackTeam "Istanbul Teknik Universitesi S.K."]
[WhiteFideId "6306667"]
[BlackFideId "6300545"]
[EventDate "2011.06.28"]

1. e4 c5 2. Nf3 e6 3. d4 cxd4 4. Nxd4 a6 5. c4 Nf6 6. Nc3 Bb4 7. Bd3 Nc6 8. Nxc6
dxc6 9. O-O e5 10. Bg5 O-O 11. Qc2 h6 12. Bh4 Be7 13. Rad1 Nd7 14. Bxe7 Qxe7 15.
a3 a5 16. Na4 Nc5 17. Nxc5 Qxc5 18. Qc3 a4 19. Be2 Be6 20. Qe3 Qxe3 21. fxe3 Ra5
22. Rc1 Rc5 23. Rfd1 Ra8 24. Rc3 Kf8 25. Rd2 Ke7 26. Kf2 f6 27. Ke1 g5 28. g4
Rb8 29. h3 Rh8 30. Kf2 Rb8 31. Ke1 Rd8 32. Rxd8 Kxd8 33. Kd2 Kd7 34. Rc1 Ra5 35.
Kc3 Ra8 36. Rd1+ Ke7 37. Kb4 b6 38. Rd2 Bd7 39. c5 b5 40. Rd6 Be8 41. Bd1 Rd8
42. Rxd8 Kxd8 43. b3 axb3 44. Bxb3 Bg6 45. Bc2 Kc7 46. Bd3 Bf7 47. Be2 Kb7 48.
Bd3 Ba2 49. Kc3 Bf7 50. Kb4 h5 51. Be2 hxg4 52. hxg4 Be6 53. Kc3 Ka7 54. Kb4 1/2-1/2

[Event "TCh-TUR 2011"]
[Site "Konya TUR"]
[Date "2011.06.29"]
[Round "2"]
[White "Inarkiev, Ernesto"]
[Black "Durarbeyli, Vasif"]
[Result "1/2-1/2"]
[WhiteTitle "GM"]
[BlackTitle "GM"]
[WhiteElo "2679"]
[BlackElo "2511"]
[WhiteTeam "Istanbul Teknik Universitesi S.K."]
[BlackTeam "Gazi Universitesi S.K."]
[WhiteFideId "4162722"]
[BlackFideId "13402935"]
[EventDate "2011.06.28"]

1. d4 Nf6 2. c4 e6 3. Nf3 b6 4. g3 Bb7 5. Bg2 Bb4+ 6. Bd2 Bxd2+ 7. Nbxd2 O-O 8.
O-O c5 9. Qa4 d6 10. Rfd1 Qc7 11. Rac1 Nbd7 12. Nb1 Rac8 13. Nc3 a6 14. b3 d5
15. dxc5 Nxc5 16. Qb4 dxc4 17. Qxc4 Qb8 18. Qf4 Qa8 19. Ne1 Bxg2 20. Nxg2 h6 21.
Ne3 b5 22. Rc2 Ncd7 23. Rdc1 Rfd8 24. Ncd1 Rxc2 25. Rxc2 Nb6 26. Nb2 Nbd5 27.
Nxd5 Nxd5 28. Qd4 a5 29. Rd2 Rc8 30. Nd3 Nc3 31. f3 1/2-1/2

[Event "TCh-TUR 2011"]
[Site "Konya TUR"]
[Date "2011.06.29"]
[Round "2"]
[White "Kinsiz, Onur"]
[Black "Yeke, Serkan"]
[Result "1-0"]
[BlackTitle "FM"]
[WhiteElo "2184"]
[BlackElo "2293"]
[WhiteTeam "Istanbul Teknik Universitesi S.K."]
[BlackTeam "Gazi Universitesi S.K."]
[WhiteFideId "6301517"]
[BlackFideId "6301142"]
[EventDate "2011.06.28"]

1. e4 e5 2. Nf3 Nc6 3. Bc4 Nf6 4. d3 Bc5 5. c3 a6 6. Bb3 Ba7 7. Nbd2 d6 8. h3
Be6 9. Bc2 O-O 10. Nf1 d5 11. Qe2 dxe4 12. dxe4 Ne8 13. Ne3 Bxe3 14. Bxe3 f6 15.
O-O Nd6 16. Rfd1 Rf7 17. Bc5 Rd7 18. Ba4 b5 19. Bc2 Nb7 20. Qe3 Nca5 21. b3 Nxc5
22. Qxc5 Qf8 23. Qe3 Rxd1+ 24. Rxd1 Nb7 25. Ne1 Qc5 26. Qxc5 Nxc5 27. b4 Nb7 28.
Bb3 Bxb3 29. axb3 Nd6 30. f3 a5 31. Ra1 a4 32. Nc2 Ra6 33. bxa4 bxa4 34. Na3 Rc6
35. Rc1 f5 36. exf5 Nxf5 37. Kf2 Nd4 38. c4 Kf7 39. c5 Ra6 40. Ke3 Ke6 41. Kd3
Kd5 42. Re1 Re6 43. Rd1 Rg6 44. Nc4 a3 45. Ra1 Nb5 46. Ne3+ Ke6 47. Kc4 c6 48.
Ra2 Rf6 49. Kb3 Rf8 50. Nc4 Rd8 51. Nxa3 Rd3+ 52. Kb2 Nxa3 53. Rxa3 Rd2+ 54. Kc3
Rxg2 55. Ra6 Kd7 56. Ra7+ Kd8 57. Kd3 h5 58. Ke4 Rg3 59. Kxe5 Rxf3 60. Rxg7 Rb3
61. Kd6 Ke8 62. Rb7 1-0